| 000 | 00340nam a2200133Ia 4500 | ||
|---|---|---|---|
| 008 | 200615s9999||||xx |||||||||||||| ||und|| | ||
| 020 | _a9780070599758 | ||
| 082 |
_a650 _bBAS-L |
||
| 100 | _aLESIKAR/FLATLEY | ||
| 245 | 0 | _aBASIC BUSINESS COMMUNICATION | |
| 250 | _a10TH | ||
| 260 |
_anew delhi _bTATA MCGRAW-HILL EDITION _c2017 |
||
| 942 | _cBK | ||
| 999 |
_c26302 _d26302 |
||